000 00512nam a2200181Ia 4500
001 4729
005 20260306145817.0
008 260306t2002||||xx |||||||||||||| ||spa||
041 _aESP
082 _a330.015195
_bA37
100 _aAlcaide Arenales, Ángel
_eAUT
245 0 _aMétodos y modelos de simulación en econometría:
_bmodelos dinámicos y cuestiones de economía matemática
260 _c2002
300 _a335 páginas :
_c24 cm.
650 _aGEN
654 _aCAN
942 _cLIB
_dJUS
_fJUS
_2ddc
_n
999 _c4729
_d4729